000 00875nam a2200217 i 4500
001 56417
003 ES-MaACL
005 20230906163350.0
007 t|
008 031009s1983 sp ||||1| spa d
245 0 0 _aDiccionario de términos usados en informes financieros
_b: español-inglés, inglés-español = Dictionary of the language of financial reports : Spanish-English, English-Spanish /
_ccompiladores, P.J. Donaghy, J. Laidler ; asesor editorial, Ian M. Angus.
260 _aBilbao :
_bDeusto,
_c[1983]
300 _a222 p. ;
_c24 cm.
650 0 4 _aFinanzas-
_vDiccionarios.
_912871
650 0 4 _aLengua española-
_vDiccionarios-
_xInglés.
_914142
650 0 4 _aLengua inglesa-
_vDiccionarios-
_xEspañol.
_914270
700 1 _aDonaghy, P. J.
_945277
700 1 _aLaidler, J.
_969665
700 1 _aAngus, Ian M.
_921795
852 _aES-MaACL
_jL-5880
_bR.106476
999 _c56417
_d56417